000 00182nam a22000857a 4500
020 _a9789387054080
082 _aK423
245 _aDISCOVER PHONICS - WORD FAMILIES - BOOK 3
942 _cBK
999 _c6485
_d6485